[Event "Chigorin Memorial 18th"]
[Site "St Petersburg"]
[Date "2010.11.05"]
[Round "9"]
[White "Volkov, Sergey"]
[Black "Kharlov, Andrei"]
[Result "1-0"]
[WhiteElo "2595"]
[BlackElo "2510"]
[PlyCount "99"]
[EventDate "2010.10.28"]
[EventType "swiss"]
[EventRounds "9"]
[EventCountry "RUS"]
[SourceTitle "EXT 2011"]
[Source "ChessBase"]
[SourceDate "2010.11.26"]
[SourceVersion "1"]
[SourceVersionDate "2010.11.26"]
[SourceQuality "1"]

1. d4 d5 2. c4 dxc4 3. e4 Nc6 4. Nf3 Bg4 5. d5 Ne5 6. Bf4 Ng6 7. Be3 e5 8. Bxc4
a6 9. O-O Bd6 10. Nbd2 N8e7 11. Be2 O-O 12. Nc4 h6 13. Nfd2 Bxe2 14. Qxe2 f5
15. f3 fxe4 16. fxe4 Qd7 17. g3 Rxf1+ 18. Rxf1 Rf8 19. Rc1 Kh7 20. Na5 b5 21.
a3 Rf6 22. b4 Qh3 23. Kh1 Ng8 24. Nb7 Rf8 25. Nc5 Nf6 26. Ne6 Rf7 27. Qg2 Qh5
28. Rf1 Ne7 29. g4 Qg6 30. g5 Nh5 31. gxh6 Qxg2+ 32. Kxg2 Rxf1 33. Kxf1 gxh6
34. Bc5 Nc8 35. Bxd6 cxd6 36. Nc7 Nf6 37. Nxa6 Ng4 38. Nc7 Na7 39. Nb1 Ne3+ 40.
Ke2 Nc2 41. Kd3 Nd4 42. Nc3 Kg6 43. N7xb5 Ndxb5 44. Nxb5 Nxb5 45. a4 Nc7 46. b5
Kf7 47. Kc4 Ke7 48. b6 Na6 49. Kb5 Nc5 50. Kc6 1-0

[Event "RUS Cup final"]
[Site "Belgorod"]
[Date "2010.11.07"]
[Round "1.1"]
[White "Khairullin, Ildar"]
[Black "Kharlov, Andrei"]
[Result "1-0"]
[WhiteElo "2637"]
[BlackElo "2510"]
[PlyCount "49"]
[EventDate "2010.11.07"]
[EventType "k.o."]
[EventRounds "5"]
[EventCountry "RUS"]
[SourceTitle "CBM 139"]
[Source "ChessBase"]
[SourceDate "2010.11.18"]
[SourceVersion "1"]
[SourceVersionDate "2010.11.18"]
[SourceQuality "1"]

1. d4 d5 2. c4 dxc4 3. e3 e6 4. Bxc4 c5 5. Nf3 a6 6. d5 b5 7. Bb3 exd5 8. Bxd5
Ra7 9. e4 Nf6 10. Nc3 b4 11. Qa4+ Bd7 12. Qb3 Nxd5 13. Nxd5 Bb5 14. Bg5 f6 15.
Bf4 Nc6 16. O-O-O Qa5 17. e5 f5 18. Nf6+ gxf6 19. exf6 c4 20. Qe3+ Be7 21. Qe6
Rf8 22. Rhe1 c3 23. Ng5 cxb2+ 24. Kb1 b3 25. f7+ 1-0

[Event "RUS Cup final"]
[Site "Belgorod"]
[Date "2010.11.08"]
[Round "1.2"]
[White "Kharlov, Andrei"]
[Black "Khairullin, Ildar"]
[Result "0-1"]
[WhiteElo "2510"]
[BlackElo "2637"]
[PlyCount "116"]
[EventDate "2010.11.07"]
[EventType "k.o."]
[EventRounds "5"]
[EventCountry "RUS"]
[SourceTitle "CBM 139"]
[Source "ChessBase"]
[SourceDate "2010.11.18"]
[SourceVersion "1"]
[SourceVersionDate "2010.11.18"]
[SourceQuality "1"]

1. d4 Nf6 2. c4 e6 3. Nc3 Bb4 4. Qc2 c5 5. dxc5 Qc7 6. a3 Bxc5 7. Nf3 a6 8. Bg5
Be7 9. e4 d6 10. Be2 Nbd7 11. O-O b6 12. Nd2 Bb7 13. Rfc1 O-O 14. a4 Rfe8 15.
Be3 Ne5 16. Qd1 Nfd7 17. f4 Ng6 18. Qf1 Rac8 19. Qf2 Bf6 20. g3 a5 21. Nb5 Qb8
22. Bd4 Bc6 23. Bxf6 Nxf6 24. Bf3 Red8 25. Rc3 Nd7 26. Nd4 Bb7 27. Re1 Nc5 28.
b3 Re8 29. Bg2 e5 30. Nf5 Rcd8 31. Rce3 Ne6 32. Rf3 Qc7 33. Kh1 Qc5 34. Qf1 Qb4
35. Re2 Nc5 36. Qa1 f6 37. Ne3 Nxb3 38. Nxb3 Qxb3 39. Rb2 Qc3 40. Nd5 Qxc4 41.
f5 Bxd5 42. exd5 Ne7 43. Rxb6 Nxd5 44. Rb5 e4 45. Rfb3 Nb4 46. Qb1 Re5 47. Rxa5
Rxa5 48. Rxb4 Qc3 49. Rb8 Ra8 50. Rxa8 Rxa8 51. Bxe4 Re8 52. Kg2 Qc4 53. Bf3
Qxa4 54. Qb7 Qc2+ 55. Kh3 Qxf5+ 56. Bg4 Qf1+ 57. Kh4 g5+ 58. Kh5 Qd3 0-1

[Event "Moscow op-E"]
[Site "Moscow"]
[Date "2011.02.04"]
[Round "7"]
[White "Khismatullin, Denis"]
[Black "Kharlov, Andrei"]
[Result "1-0"]
[WhiteElo "2649"]
[BlackElo "2516"]
[PlyCount "69"]
[EventDate "2011.01.29"]
[EventType "swiss"]
[EventRounds "9"]
[EventCountry "RUS"]
[SourceTitle "CBM 140 Extra"]
[Source "ChessBase"]
[SourceDate "2011.03.01"]
[SourceVersion "1"]
[SourceVersionDate "2011.03.01"]
[SourceQuality "1"]

1. d4 d5 2. c4 dxc4 3. e4 Nf6 4. e5 Nd5 5. Bxc4 Nc6 6. Nc3 Nb6 7. Bb5 e6 8. Nf3
Bd7 9. Bd3 Nb4 10. Bb1 Bc6 11. O-O Be7 12. a3 N4d5 13. Ne4 Qd7 14. Bd2 Nc4 15.
Bc1 Ncb6 16. Re1 O-O-O 17. Qc2 Kb8 18. Nc5 Bxc5 19. dxc5 Nc8 20. Nd4 Nde7 21.
Nxc6+ Nxc6 22. b4 N8e7 23. Bb2 Qd2 24. Qxd2 Rxd2 25. Bc3 Rd7 26. Be4 Nd4 27. g3
Nec6 28. f4 Nb5 29. Bb2 Rd2 30. Bc1 Rd4 31. Bxc6 bxc6 32. a4 Rhd8 33. axb5 cxb5
34. Be3 Rxb4 35. c6 1-0

[Event "Privolzhskogo FO-ch"]
[Site "Togliatti"]
[Date "2011.03.10"]
[Round "1"]
[White "Iliushkin, Evgeny"]
[Black "Kharlov, Andrei"]
[Result "0-1"]
[WhiteElo "2282"]
[BlackElo "2520"]
[PlyCount "102"]
[EventDate "2011.03.10"]
[EventType "swiss"]
[EventRounds "9"]
[EventCountry "RUS"]
[SourceTitle "CBM 141 Extra"]
[Source "ChessBase"]
[SourceDate "2011.05.03"]
[SourceVersion "1"]
[SourceVersionDate "2011.05.03"]
[SourceQuality "1"]

1. c4 e5 2. Nc3 Nf6 3. Nf3 Nc6 4. a3 g6 5. e3 Bg7 6. Be2 O-O 7. d3 d5 8. cxd5
Nxd5 9. Bd2 Nb6 10. b4 a6 11. O-O Bf5 12. Qc2 Nc4 13. Bc1 Nd6 14. Rb1 Re8 15.
Ne4 Qe7 16. Bb2 Red8 17. Rfd1 a5 18. Nxd6 cxd6 19. b5 Na7 20. e4 Bg4 21. a4 Nc8
22. h3 Bxf3 23. Bxf3 Nb6 24. Bc1 Rdc8 25. Qb3 Qe6 26. Qa3 Rc2 27. Bg4 Qa2 28.
Ra1 Qxa3 29. Rxa3 h5 30. Be3 hxg4 31. Bxb6 gxh3 32. gxh3 Bf8 33. Raa1 Bh6 34.
d4 exd4 35. Bxd4 Bd2 36. Bb6 Rac8 37. Ra3 Bb4 38. Rad3 Re8 39. Re3 Re6 40. Rd5
Rc4 41. e5 dxe5 42. Bd8 Bd6 43. Bxa5 Rxa4 44. Bc3 Ra3 45. Bb2 Rxe3 46. fxe3 f5
47. Rd3 Kf7 48. Rc3 Re8 49. Kf2 Ra8 50. Rc2 Ra2 51. Rd2 Ba3 0-1

[Event "Privolzhskogo FO-ch"]
[Site "Togliatti"]
[Date "2011.03.11"]
[Round "2"]
[White "Kharlov, Andrei"]
[Black "Vlasenko, Miroslav"]
[Result "1-0"]
[WhiteElo "2520"]
[BlackElo "2354"]
[PlyCount "95"]
[EventDate "2011.03.10"]
[EventType "swiss"]
[EventRounds "9"]
[EventCountry "RUS"]
[SourceTitle "CBM 141 Extra"]
[Source "ChessBase"]
[SourceDate "2011.05.03"]
[SourceVersion "1"]
[SourceVersionDate "2011.05.03"]
[SourceQuality "1"]

1. e4 Nc6 2. Nc3 e6 3. Nf3 Bb4 4. a3 Bxc3 5. dxc3 d6 6. Bc4 Nf6 7. Qe2 e5 8.
Bg5 h6 9. Bh4 Be6 10. O-O-O Bxc4 11. Qxc4 g5 12. Bg3 Qe7 13. Qe2 Qe6 14. Kb1
O-O-O 15. c4 Nh5 16. Nd2 Nf4 17. Qf1 f5 18. f3 Rdf8 19. h3 h5 20. exf5 Rxf5 21.
Ne4 Rg8 22. Rd2 Rff8 23. Nc3 Ne7 24. Bf2 Kb8 25. g3 Nfg6 26. Ne4 Qf5 27. Qe2
Nh8 28. Rd3 Qe6 29. Qe3 b6 30. c5 Nf5 31. Qd2 dxc5 32. Bxc5 Rc8 33. g4 Nh4 34.
Nxg5 Qc6 35. Bf2 N4g6 36. Bg3 Rcf8 37. Re1 hxg4 38. hxg4 Nf7 39. Ne4 Nd8 40.
Rc3 Qb7 41. Nc5 bxc5 42. Rb3 Qxb3 43. cxb3 Rxf3 44. Bxe5 Nxe5 45. Rxe5 Rf1+ 46.
Ka2 Nb7 47. Re7 Rd8 48. Qe2 1-0

[Event "Privolzhskogo FO-ch"]
[Site "Togliatti"]
[Date "2011.03.13"]
[Round "4"]
[White "Kharlov, Andrei"]
[Black "Frolov, Artiom"]
[Result "1-0"]
[WhiteElo "2520"]
[BlackElo "2445"]
[PlyCount "79"]
[EventDate "2011.03.10"]
[EventType "swiss"]
[EventRounds "9"]
[EventCountry "RUS"]
[SourceTitle "CBM 141 Extra"]
[Source "ChessBase"]
[SourceDate "2011.05.03"]
[SourceVersion "1"]
[SourceVersionDate "2011.05.03"]
[SourceQuality "1"]

1. c4 e5 2. g3 Nf6 3. Bg2 d5 4. cxd5 Nxd5 5. Nf3 Nc6 6. O-O Be7 7. d4 e4 8. Ne5
f5 9. Nxc6 bxc6 10. Nc3 Be6 11. f3 exf3 12. exf3 Nxc3 13. bxc3 O-O 14. Re1 Bd5
15. Bf4 c5 16. Be5 cxd4 17. Qxd4 Bf6 18. Rad1 c6 19. f4 Bxg2 20. Kxg2 Qb6 21.
Qc4+ Kh8 22. Re2 Qb7 23. Rd6 Bxe5 24. Rxe5 c5+ 25. Qd5 Qb2+ 26. Kh3 Qb1 27. Rd7
Rab8 28. Re2 Qf1+ 29. Qg2 Qc1 30. Qf3 Rb6 31. Rf7 Rbb8 32. Rxa7 Qg1 33. Qf2 Qh1
34. Ra6 Rfd8 35. Rae6 c4 36. Re1 Qa8 37. Qe2 h6 38. Qe5 Kh7 39. Qxf5+ Kh8 40.
Rxh6+ 1-0

[Event "Privolzhskogo FO-ch"]
[Site "Togliatti"]
[Date "2011.03.14"]
[Round "5"]
[White "Virovlansky, Semen"]
[Black "Kharlov, Andrei"]
[Result "1/2-1/2"]
[WhiteElo "2449"]
[BlackElo "2520"]
[PlyCount "94"]
[EventDate "2011.03.10"]
[EventType "swiss"]
[EventRounds "9"]
[EventCountry "RUS"]
[SourceTitle "CBM 141 Extra"]
[Source "ChessBase"]
[SourceDate "2011.05.03"]
[SourceVersion "1"]
[SourceVersionDate "2011.05.03"]
[SourceQuality "1"]

1. d4 Nf6 2. c4 e6 3. g3 c5 4. Nf3 cxd4 5. Nxd4 Qc7 6. Nd2 Nc6 7. Nb5 Qa5 8.
Bg2 a6 9. Nc3 Bb4 10. O-O Bxc3 11. Nb3 Qa4 12. bxc3 Qxc4 13. Ba3 d5 14. Qc1 Bd7
15. Nc5 O-O 16. Nxd7 Nxd7 17. Bxf8 Rxf8 18. Re1 Nc5 19. Qa3 Rc8 20. Rab1 b5 21.
Rbc1 Ne5 22. Bf1 Qa4 23. Qxa4 Nxa4 24. f4 Nc4 25. e4 Nd2 26. exd5 Nf3+ 27. Kf2
Nxe1 28. dxe6 fxe6 29. c4 Kf8 30. Kxe1 Nb6 31. c5 Nc4 32. Bxc4 Rxc5 33. Kd2
bxc4 34. a4 Ke7 35. Kc3 Kd6 36. Rb1 Rh5 37. h4 Ra5 38. Rb7 g6 39. Kb4 c3 40.
Kxc3 Rxa4 41. Rxh7 Ra3+ 42. Kd4 Rxg3 43. Ra7 Ra3 44. Rg7 Ra5 45. Rxg6 Rh5 46.
Ke3 a5 47. Rg5 Rxh4 1/2-1/2

[Event "Privolzhskogo FO-ch"]
[Site "Togliatti"]
[Date "2011.03.15"]
[Round "6"]
[White "Kharlov, Andrei"]
[Black "Kokarev, Dmitry"]
[Result "1/2-1/2"]
[WhiteElo "2520"]
[BlackElo "2576"]
[PlyCount "43"]
[EventDate "2011.03.10"]
[EventType "swiss"]
[EventRounds "9"]
[EventCountry "RUS"]
[SourceTitle "CBM 141 Extra"]
[Source "ChessBase"]
[SourceDate "2011.05.03"]
[SourceVersion "1"]
[SourceVersionDate "2011.05.03"]
[SourceQuality "1"]

1. e4 c6 2. d4 d5 3. exd5 cxd5 4. c4 Nf6 5. Nc3 Nc6 6. Nf3 Bg4 7. cxd5 Nxd5 8.
Qb3 Bxf3 9. gxf3 e6 10. Qxb7 Nxd4 11. Bb5+ Nxb5 12. Qc6+ Ke7 13. Qxb5 Qd7 14.
Nxd5+ Qxd5 15. Qxd5 exd5 16. O-O Ke6 17. Re1+ Kf5 18. Rd1 Ke6 19. Re1+ Kf5 20.
Rd1 Ke6 21. Re1+ Kf5 22. Rd1 1/2-1/2

[Event "Privolzhskogo FO-ch"]
[Site "Togliatti"]
[Date "2011.03.16"]
[Round "7"]
[White "Predke, Alexandr"]
[Black "Kharlov, Andrei"]
[Result "1/2-1/2"]
[WhiteElo "2434"]
[BlackElo "2520"]
[PlyCount "232"]
[EventDate "2011.03.10"]
[EventType "swiss"]
[EventRounds "9"]
[EventCountry "RUS"]
[SourceTitle "CBM 141 Extra"]
[Source "ChessBase"]
[SourceDate "2011.05.03"]
[SourceVersion "1"]
[SourceVersionDate "2011.05.03"]
[SourceQuality "1"]

1. e4 e5 2. Nf3 Nc6 3. Bb5 Nf6 4. O-O Nxe4 5. d4 Nd6 6. Bxc6 dxc6 7. dxe5 Nf5
8. Qxd8+ Kxd8 9. Nc3 Bd7 10. h3 b6 11. Bf4 h6 12. Rad1 Kc8 13. g4 Ne7 14. Rd3
c5 15. Rfd1 Be6 16. Bg3 Kb7 17. a3 Re8 18. R3d2 Kc8 19. Ne2 g5 20. Nc3 Bg7 21.
Ne4 Nc6 22. Nf6 Bxf6 23. exf6 Rhg8 24. Re1 Bd7 25. Red1 Be6 26. Re1 h5 27. gxh5
g4 28. Ne5 Nxe5 29. Rxe5 gxh3 30. Kh2 Rh8 31. Bf4 Reg8 32. f3 Rh7 33. h6 Rg6
34. Bg5 Rgxh6 35. Rxe6 fxe6 36. f7 Rxf7 37. Bxh6 Rxf3 38. Bg5 b5 39. Bh4 b4 40.
axb4 cxb4 41. b3 a5 42. Bg3 c5 43. Kxh3 a4 44. bxa4 Ra3 45. Rd6 Kb7 46. Rd7+
Ka6 47. Rd6+ Ka5 48. Rxe6 Rxa4 49. Re5 Kb5 50. Bf2 Ra3+ 51. Kg4 Rc3 52. Re2 b3
53. cxb3 Rxb3 54. Kf4 c4 55. Ke4 Rd3 56. Rb2+ Rb3 57. Ra2 Rd3 58. Ra8 Kb4 59.
Bd4 Rh3 60. Rb8+ Ka4 61. Kd5 Rb3 62. Ra8+ Kb4 63. Rc8 c3 64. Bc5+ Kb5 65. Rb8+
Ka4 66. Ra8+ Kb5 67. Bd4 c2 68. Rc8 Rb1 69. Rxc2 Rb3 70. Rc7 Rb4 71. Rc3 Rb1
72. Ra3 Rb4 73. Bc3 Rb1 74. Ra8 Rb3 75. Rc8 Ka6 76. Be1 Rb5+ 77. Kc4 Rf5 78.
Bc3 Kb7 79. Re8 Kc6 80. Re6+ Kd7 81. Ra6 Rh5 82. Kd4 Rh3 83. Ba1 Rh5 84. Ke4
Rb5 85. Be5 Rb4+ 86. Kf5 Rb5 87. Ra7+ Kc6 88. Ke6 Kc5 89. Rc7+ Kb4 90. Rc1 Kb3
91. Kd6 Ra5 92. Bd4 Rb5 93. Kc6 Rh5 94. Bc5 Kb2 95. Rc4 Kb3 96. Kb5 Rf5 97. Re4
Rf3 98. Bd4 Rd3 99. Kc5 Rd2 100. Re3+ Kc2 101. Kc4 Rg2 102. Ra3 Re2 103. Ra1
Kd2 104. Ra3 Kc2 105. Rg3 Kd2 106. Kb3 Re4 107. Kc4 Re2 108. Rg4 Kc2 109. Bc3
Rh2 110. Re4 Rg2 111. Re1 Rg4+ 112. Bd4 Rg2 113. Re3 Kd2 114. Ra3 Ke2 115. Ra2+
Kf3 116. Rxg2 Kxg2 1/2-1/2

[Event "Privolzhskogo FO-ch"]
[Site "Togliatti"]
[Date "2011.03.17"]
[Round "8"]
[White "Kharlov, Andrei"]
[Black "Filipenko, Alexander"]
[Result "1-0"]
[WhiteElo "2520"]
[BlackElo "2344"]
[PlyCount "45"]
[EventDate "2011.03.10"]
[EventType "swiss"]
[EventRounds "9"]
[EventCountry "RUS"]
[SourceTitle "CBM 141 Extra"]
[Source "ChessBase"]
[SourceDate "2011.05.03"]
[SourceVersion "1"]
[SourceVersionDate "2011.05.03"]
[SourceQuality "1"]

1. d4 d5 2. Bf4 c5 3. e4 e6 4. exd5 Qxd5 5. Nc3 Qxd4 6. Bb5+ Nd7 7. Qf3 Ngf6 8.
Nge2 Qb4 9. O-O-O a6 10. a3 Qa5 11. Bxd7+ Nxd7 12. Rxd7 Kxd7 13. Rd1+ Ke8 14.
Qg3 Bd7 15. Bc7 b6 16. Qf3 Ra7 17. Bb8 b5 18. Bxa7 Qc7 19. Qa8+ Ke7 20. Ne4 g6
21. Bxc5+ Qxc5 22. Rxd7+ Kxd7 23. Nxc5+ 1-0

[Event "Samara Polugaevsky Memorial"]
[Site "Samara"]
[Date "2011.07.06"]
[Round "2"]
[White "Kharlov, Andrei"]
[Black "Kozirev, Alexander"]
[Result "1/2-1/2"]
[WhiteElo "2532"]
[BlackElo "2269"]
[PlyCount "57"]
[EventDate "2011.07.05"]
[EventType "swiss"]
[EventRounds "9"]
[EventCountry "RUS"]
[SourceTitle "CBM 143 Extra"]
[Source "ChessBase"]
[SourceDate "2011.08.29"]
[SourceVersion "1"]
[SourceVersionDate "2011.08.29"]
[SourceQuality "1"]

1. d4 d5 2. Bf4 Nf6 3. e3 c5 4. c3 Nc6 5. Nd2 Bf5 6. Ngf3 e6 7. Nh4 Bg6 8. Nxg6
hxg6 9. Nf3 Bd6 10. Qb3 Rb8 11. dxc5 Bxf4 12. exf4 Ne4 13. Qc2 Nxc5 14. Be2 b5
15. O-O O-O 16. Qd2 Ne4 17. Qe3 Qb6 18. Rfd1 Qxe3 19. fxe3 Rfc8 20. Bd3 Nd6 21.
Kf2 Kf8 22. Ke2 Ke7 23. Nd4 a5 24. Rac1 Nc4 25. Rc2 Nd6 26. Rcc1 Nc4 27. Rc2
Nd6 28. Rcc1 Nc4 29. Rc2 1/2-1/2

[Event "Samara Polugaevsky Memorial"]
[Site "Samara"]
[Date "2011.07.07"]
[Round "3"]
[White "Zenzera, Alexey"]
[Black "Kharlov, Andrei"]
[Result "1-0"]
[WhiteElo "2236"]
[BlackElo "2532"]
[PlyCount "120"]
[EventDate "2011.07.05"]
[EventType "swiss"]
[EventRounds "9"]
[EventCountry "RUS"]
[SourceTitle "CBM 143 Extra"]
[Source "ChessBase"]
[SourceDate "2011.08.29"]
[SourceVersion "1"]
[SourceVersionDate "2011.08.29"]
[SourceQuality "1"]

1. d4 Nf6 2. c4 e6 3. Nf3 b6 4. g3 Bb7 5. Bg2 Be7 6. O-O O-O 7. Bf4 d5 8. Ne5
Qc8 9. Qc2 c5 10. dxc5 Bxc5 11. Nc3 dxc4 12. Bxb7 Qxb7 13. Nxc4 Nc6 14. Nb5
Rfd8 15. Rac1 a6 16. Nbd6 Qe7 17. Nxb6 Bxb6 18. Qxc6 e5 19. Nf5 Qe6 20. Be3
Bxe3 21. fxe3 Qxc6 22. Rxc6 Ne8 23. Rfc1 Kf8 24. g4 Rd2 25. R1c2 Rxc2 26. Rxc2
g6 27. Ng3 Nf6 28. g5 Nd5 29. Ne4 Ke7 30. Kf2 f5 31. Rc5 fxe4 32. Rxd5 Ke6 33.
Ra5 Kf5 34. Kg3 Kxg5 35. Rxe5+ Kf6 36. Rxe4 Rb8 37. b3 Rb5 38. Ra4 a5 39. Rh4
Ke6 40. Re4+ Kf6 41. Rc4 Rg5+ 42. Kf3 Rh5 43. h4 Ke6 44. Rc6+ Kd7 45. Ra6 Rxh4
46. Rxa5 Rh3+ 47. Kf4 h6 48. Ra7+ Kc8 49. e4 g5+ 50. Kf5 Re3 51. Rh7 Rxe2 52.
Rxh6 Rxa2 53. Kxg5 Rb2 54. Rh3 Kd7 55. Kf6 Rf2+ 56. Ke5 Rd2 57. Rc3 Rh2 58. Kd5
Rd2+ 59. Kc5 Re2 60. Rc4 Kc7 1-0

[Event "Samara Polugaevsky Memorial"]
[Site "Samara"]
[Date "2011.07.08"]
[Round "4"]
[White "Kharlov, Andrei"]
[Black "Vanifatov, Yury"]
[Result "1-0"]
[WhiteElo "2532"]
[BlackElo "2165"]
[PlyCount "55"]
[EventDate "2011.07.05"]
[EventType "swiss"]
[EventRounds "9"]
[EventCountry "RUS"]
[SourceTitle "CBM 143 Extra"]
[Source "ChessBase"]
[SourceDate "2011.08.29"]
[SourceVersion "1"]
[SourceVersionDate "2011.08.29"]
[SourceQuality "1"]

1. e4 c5 2. Nc3 Nc6 3. g3 e6 4. Bg2 Nf6 5. Nge2 Be7 6. O-O O-O 7. d4 cxd4 8.
Nxd4 Nxd4 9. Qxd4 d6 10. e5 dxe5 11. Qxe5 Qb6 12. Ne4 Bd7 13. Be3 Qb5 14. Qxb5
Bxb5 15. Rfd1 Bc6 16. Nxf6+ Bxf6 17. Bxc6 bxc6 18. Rab1 Rfd8 19. b3 a6 20. Bb6
Rxd1+ 21. Rxd1 Rb8 22. Bc7 Rb7 23. Bd8 Be5 24. Ba5 Rb8 25. Rd7 Ra8 26. Bc7 Bf6
27. Bb6 Rb8 28. Be3 1-0

[Event "Samara Polugaevsky Memorial"]
[Site "Samara"]
[Date "2011.07.09"]
[Round "5"]
[White "Osipov, Andrey"]
[Black "Kharlov, Andrei"]
[Result "0-1"]
[WhiteElo "2321"]
[BlackElo "2532"]
[PlyCount "102"]
[EventDate "2011.07.05"]
[EventType "swiss"]
[EventRounds "9"]
[EventCountry "RUS"]
[SourceTitle "CBM 143 Extra"]
[Source "ChessBase"]
[SourceDate "2011.08.29"]
[SourceVersion "1"]
[SourceVersionDate "2011.08.29"]
[SourceQuality "1"]

1. d4 Nf6 2. Nf3 e6 3. Bg5 c5 4. e3 h6 5. Bh4 Qb6 6. Bxf6 Qxb2 7. Nbd2 gxf6 8.
Be2 cxd4 9. exd4 Nc6 10. Ne4 f5 11. Nf6+ Kd8 12. Nh5 Qc3+ 13. Kf1 Nb4 14. a3
Nd5 15. Ne5 Ke7 16. Rb1 Qc7 17. Qd3 d6 18. Qg3 dxe5 19. c4 exd4 20. Qh4+ Ke8
21. Qxd4 e5 22. Qxd5 Be7 23. f4 e4 24. Ng7+ Kf8 25. Bh5 Bc5 26. Rb5 Kxg7 27.
Rxc5 Qxf4+ 28. Ke2 Be6 29. Qd4+ Kh7 30. Rf1 Rhd8 31. Rxf4 Rxd4 32. g4 Rxc4 33.
Rxc4 Bxc4+ 34. Ke3 Re8 35. gxf5 Bd5 36. Kd4 Rd8 37. Ke3 Kg7 38. f6+ Kf8 39. Be2
Rd6 40. Rf5 Bc6 41. Bc4 a6 42. h4 b5 43. Be2 Ke8 44. a4 bxa4 45. Bxa6 Bd7 46.
Bb5 Bxb5 47. Rxb5 Ra6 48. Kxe4 a3 49. Rb1 a2 50. Ra1 Kd7 51. Kf5 Ra5+ 0-1

[Event "Samara Polugaevsky Memorial"]
[Site "Samara"]
[Date "2011.07.11"]
[Round "7"]
[White "Kharlov, Andrei"]
[Black "Rakhmanov, Alexander"]
[Result "0-1"]
[WhiteElo "2532"]
[BlackElo "2585"]
[PlyCount "54"]
[EventDate "2011.07.05"]
[EventType "swiss"]
[EventRounds "9"]
[EventCountry "RUS"]
[SourceTitle "CBM 143 Extra"]
[Source "ChessBase"]
[SourceDate "2011.08.29"]
[SourceVersion "1"]
[SourceVersionDate "2011.08.29"]
[SourceQuality "1"]

1. e4 c5 2. Nf3 Nf6 3. Nc3 d5 4. exd5 Nxd5 5. Ne5 Nf6 6. Bc4 e6 7. O-O a6 8. d3
Nbd7 9. Bf4 Nxe5 10. Bxe5 Bd6 11. Qe2 O-O 12. a4 b6 13. Bxd6 Qxd6 14. Ne4 Qe7
15. Qf3 Bb7 16. Nxf6+ gxf6 17. Qe3 Rad8 18. b4 cxb4 19. Qxb6 Rb8 20. Qa5 Kh8
21. Rab1 Rg8 22. f3 Ba8 23. h4 Qa7+ 24. Rf2 Bxf3 25. Kf1 Bxg2+ 26. Rxg2 Rxg2
27. Kxg2 Qe3 0-1

[Event "Samara Polugaevsky Memorial"]
[Site "Samara"]
[Date "2011.07.12"]
[Round "8"]
[White "Zernyshkin, Vladislav"]
[Black "Kharlov, Andrei"]
[Result "0-1"]
[WhiteElo "2319"]
[BlackElo "2532"]
[PlyCount "112"]
[EventDate "2011.07.05"]
[EventType "swiss"]
[EventRounds "9"]
[EventCountry "RUS"]
[SourceTitle "CBM 143 Extra"]
[Source "ChessBase"]
[SourceDate "2011.08.29"]
[SourceVersion "1"]
[SourceVersionDate "2011.08.29"]
[SourceQuality "1"]

1. e4 c5 2. f4 d5 3. exd5 Nf6 4. Bb5+ Bd7 5. Bxd7+ Qxd7 6. c4 e6 7. Qe2 Bd6 8.
dxe6 fxe6 9. d3 O-O 10. Nf3 Nc6 11. O-O Rae8 12. Nc3 e5 13. f5 Nd4 14. Qd1 Nxf5
15. Bg5 Ng4 16. Re1 Nd4 17. Ne4 Nxf3+ 18. gxf3 Nf6 19. Bxf6 gxf6 20. Kh1 f5 21.
Nc3 Re6 22. Nd5 Kh8 23. Qd2 Qf7 24. Rg1 Qh5 25. Rg3 Rg8 26. Rag1 Reg6 27. Rxg6
Rxg6 28. Rxg6 hxg6 29. Kg2 Kg7 30. Qa5 Qg5+ 31. Kf2 Qh4+ 32. Kf1 Qh3+ 33. Ke1
Qxf3 34. Qd8 Qh1+ 35. Kd2 Qxh2+ 36. Ke3 e4 37. Qf6+ Kh6 38. dxe4 Qg3+ 39. Kd2
fxe4 40. Qf1 Qh2+ 41. Ke3 Qe5 42. Nf6 Kg7 43. Nxe4 Qh2 44. Qd3 Be7 45. Qd7 Kf8
46. Qe6 Qxb2 47. Kf4 Qxa2 48. Qxg6 Qxc4 49. Ke3 Qb3+ 50. Kd2 Qd5+ 51. Kc2 Qf7
52. Qh6+ Ke8 53. Qh8+ Kd7 54. Nc3 Qf2+ 55. Kb3 Bf6 56. Qb8 Qf3 0-1

[Event "Samara Polugaevsky Memorial"]
[Site "Samara"]
[Date "2011.07.13"]
[Round "9"]
[White "Kharlov, Andrei"]
[Black "Sanzhaev, Darsen"]
[Result "1/2-1/2"]
[WhiteElo "2532"]
[BlackElo "2211"]
[PlyCount "82"]
[EventDate "2011.07.05"]
[EventType "swiss"]
[EventRounds "9"]
[EventCountry "RUS"]
[SourceTitle "CBM 143 Extra"]
[Source "ChessBase"]
[SourceDate "2011.08.29"]
[SourceVersion "1"]
[SourceVersionDate "2011.08.29"]
[SourceQuality "1"]

1. e4 c5 2. Nf3 e6 3. c3 Nf6 4. e5 Nd5 5. d4 cxd4 6. cxd4 d6 7. Bc4 Nc6 8. O-O
Be7 9. Qe2 O-O 10. Rd1 Qc7 11. Nc3 Nxc3 12. bxc3 dxe5 13. dxe5 b6 14. Qe4 Bb7
15. Bd3 g6 16. Bh6 Rfd8 17. Qf4 Rd5 18. Be4 Rc5 19. h4 Rb8 20. Bxc6 Bxc6 21.
Ng5 Bf8 22. Bxf8 Rxf8 23. Rd6 Qe7 24. Rad1 Bd5 25. Ne4 Bxe4 26. Qxe4 Rxc3 27.
Rd7 Qc5 28. Qf4 Rc4 29. Qg5 Rc2 30. Qf6 Rc1 31. Rxc1 Qxc1+ 32. Kh2 a5 33. h5
Qh6 34. g4 Qg7 35. Rb7 Rc8 36. Qf4 h6 37. hxg6 Qxg6 38. Rxb6 Rc2 39. a4 Qg5 40.
Qxg5+ hxg5 41. Rb5 Rxf2+ 1/2-1/2

[Event "Samara Polugaevsky Memorial 2nd"]
[Site "Samara"]
[Date "2012.07.05"]
[Round "1"]
[White "Kharlov, Andrei"]
[Black "Aseeva, Anastasia"]
[Result "0-1"]
[WhiteElo "2517"]
[BlackElo "2012"]
[PlyCount "76"]
[EventDate "2012.07.05"]
[EventType "swiss"]
[EventRounds "9"]
[EventCountry "RUS"]
[SourceTitle "CBM 149 Extra"]
[Source "ChessBase"]
[SourceDate "2012.08.24"]
[SourceVersion "1"]
[SourceVersionDate "2012.08.24"]
[SourceQuality "1"]

1. e4 c6 2. d4 d5 3. exd5 cxd5 4. c4 Nf6 5. Nc3 Nc6 6. Bg5 e6 7. Nf3 Be7 8. c5
O-O 9. Bb5 Bd7 10. O-O Qc7 11. Re1 Rfe8 12. Qd2 b6 13. cxb6 Qxb6 14. Bd3 Rac8
15. Rad1 Na5 16. Ne5 Qb7 17. Qe2 Rcd8 18. Bxf6 Bxf6 19. Bxh7+ Kf8 20. Bd3 Nc6
21. Qh5 g6 22. Qf3 Kg7 23. Ng4 Bg5 24. h4 Bxh4 25. Qf4 Rh8 26. g3 Be7 27. Nxd5
g5 28. Qd2 Nb4 29. Re5 Nxd5 30. Be4 Bc6 31. Rxg5+ Kf8 32. Ne5 Bxg5 33. Qxg5 Rc8
34. Rd3 Qe7 35. Ng6+ fxg6 36. Rf3+ Ke8 37. Qxg6+ Kd8 38. Rf7 Be8 0-1

[Event "Izhevsk op-A"]
[Site "Izhevsk"]
[Date "2012.07.15"]
[Round "1"]
[White "Kharlov, Andrei"]
[Black "Avdeenko, Tatiana"]
[Result "1-0"]
[WhiteElo "2517"]
[BlackElo "2157"]
[PlyCount "57"]
[EventDate "2012.07.15"]
[EventType "swiss"]
[EventRounds "9"]
[EventCountry "RUS"]
[SourceTitle "EXT 2013"]
[Source "ChessBase"]
[SourceDate "2012.11.22"]
[SourceVersion "1"]
[SourceVersionDate "2012.11.22"]
[SourceQuality "1"]

1. d4 Nf6 2. g3 d6 3. Bg2 e5 4. Nf3 Nbd7 5. O-O Be7 6. c4 O-O 7. Nc3 c6 8. b3
Re8 9. Qc2 Bf8 10. Bb2 a6 11. e3 e4 12. Nd2 d5 13. Rfe1 b5 14. f3 exf3 15. Bxf3
Bb7 16. e4 b4 17. Na4 dxe4 18. Nxe4 Nxe4 19. Bxe4 Nf6 20. Bf3 Rc8 21. Nc5 Ba8
22. Rxe8 Qxe8 23. Nxa6 Nd7 24. c5 Qe7 25. Qf2 Qg5 26. Bc1 Qf6 27. Nxb4 Bb7 28.
Bf4 Ra8 29. Qd2 1-0